000 00542nam a2200145Ia 4500
008 140724s9999 xx 000 0 und d
050 _aP 91
_b.T114 2011
100 _aTabusalla, Andi Farida.
245 _aEffectiveness of the Tri-media campaigns of Hotdog brand's in the Philippines in terms of brand recall /
_cAndi farida Tabusalla.
260 _aLas PiƱas, Philippines :
_bSouthville International School and Colleges,
_cc2011.
300 _a103 p. :
_bill. ;
_c28 cm.
521 _aMass Communication
942 _cTH
999 _c228878
_d228878